Biblioteca y Centro de Documentación

Reflexiones en torno a la Ley general de sanidad (Registro nro. 30518)

Detalles MARC
000 -CABECERA
Longitud fija campo de control 01355naa a2200337 c 4500
001 - NÚMERO DE CONTROL
Número de control 30518
003 - IDENTIFICADOR DE NÚMERO DE CONTROL
Identificador del número de control ES-MaCES
005 - FECHA Y HORA DE LA ÚLTIMA TRANSACCIÓN
Fecha y hora de la última transacción 19981124161500.0
008 - CAMPO FIJO DE DESCRIPCIÓN FIJA--INFORMACIÓN GENERAL
Códigos de información de longitud fija   980417n1998 sp ||| | spa d
035 ## - NÚMERO DE CONTROL DEL SISTEMA
Número de control del sistema CES19980044682v
040 ## - FUENTE DE CATALOGACIÓN
Centro catalogador de origen ES-MaCES
Lengua de catalogación spa
Centro transcriptor ES-MaCES
100 1# - ENCABEZAMIENTO PRINCIPAL--NOMBRE PERSONAL
Nombre de persona Pemán Gavín, Juan María
9 (RLIN) 20595
245 10 - MENCIÓN DE TÍTULO
Título Reflexiones en torno a la Ley general de sanidad
Resto del título : ¿desarrollo o reforma?
Mención de responsabilidad, etc. Juan Pemán Gavín
500 ## - NOTA GENERAL
Nota general Ponencia expuesta en el VI Congreso 'Derecho y salud', organizado por la Asociación de Juristas de la Salud en torno a 'La Sanidad pública : problemas pendientes' (Valladolid, 15, 16 y 17 de octubre de 1997)
610 14 - ASIENTO SECUNDARIO DE MATERIA--NOMBRE CORPORATIVO
Nombre de entidad corporativa o nombre de jurisdicción como elemento inicial España
Título de la obra Ley de sanidad
Fecha del congreso o de la firma de un tratado 1986
9 (RLIN) 3052
650 #4 - ASIENTO SECUNDARIO DE MATERIA--TÉRMINO DE MATERIA
Término de materia o nombre geográfico como elemento inicial conferencia
9 (RLIN) 27013
650 #4 - ASIENTO SECUNDARIO DE MATERIA--TÉRMINO DE MATERIA
Término de materia o nombre geográfico como elemento inicial comentario
9 (RLIN) 28971
650 #4 - ASIENTO SECUNDARIO DE MATERIA--TÉRMINO DE MATERIA
Término de materia o nombre geográfico como elemento inicial legislación
9 (RLIN) 27153
650 #4 - ASIENTO SECUNDARIO DE MATERIA--TÉRMINO DE MATERIA
Término de materia o nombre geográfico como elemento inicial 1986
9 (RLIN) 30856
650 #4 - ASIENTO SECUNDARIO DE MATERIA--TÉRMINO DE MATERIA
Término de materia o nombre geográfico como elemento inicial Comunidades Autónomas
9 (RLIN) 30768
650 #4 - ASIENTO SECUNDARIO DE MATERIA--TÉRMINO DE MATERIA
Término de materia o nombre geográfico como elemento inicial España
9 (RLIN) 26964
650 #4 - ASIENTO SECUNDARIO DE MATERIA--TÉRMINO DE MATERIA
Término de materia o nombre geográfico como elemento inicial servicio de salud
9 (RLIN) 27058
650 #4 - ASIENTO SECUNDARIO DE MATERIA--TÉRMINO DE MATERIA
Término de materia o nombre geográfico como elemento inicial asistencia médica
9 (RLIN) 30272
650 #4 - ASIENTO SECUNDARIO DE MATERIA--TÉRMINO DE MATERIA
Término de materia o nombre geográfico como elemento inicial salud
9 (RLIN) 28680
653 10 - TÉRMINO DE INDEXACIÓN--NO CONTROLADO
Término no controlado Legislación
711 2# - ENCABEZAMIENTO SECUNDARIO--NOMBRE DE REUNIÓN
Nombre de congreso o nombre de jurisdicción como elemento inicial Congreso "Derecho y salud"
Número del congreso o número de parte o sección de la obra
Fecha del congreso 1997
Sede del congreso Valladolid
9 (RLIN) 383
773 0# - ENTRADA DE DOCUMENTO FUENTE
Título Revista española de Derecho administrativo
Parte(s) relacionada(s) Madrid. - N. 97 (en.- marzo 1998) ; p. 65-81
Número de control del registro relacionado (ES-MaCES)25059
902 ## - CES. TIPO DE DOCUMENTO
Tipodoc (006$c Sirtex) ART Artículo de revista
942 ## - ELEMENTOS KOHA
Fuente de clasificaión o esquema Clasificación propia del CES
Koha [por defecto] tipo de item Artículos (1982-2017)
Parte de clasificación 6.1.

No hay ítems disponibles.

© CES, Consejo Económico y Social de España 2021